[Event "Mitropa Cup"]
[Site "Leipzig GER"]
[Date "2002.05.06"]
[Round "4"]
[White "Gozzoli,Y"]
[Black "Sprenger,J"]
[Result "1/2-1/2"]
[WhiteElo "2313"]
[BlackElo "2468"]

1.d4 d5 2.c4 e6 3.Nc3 c6 4.Nf3 Nf6 5.e3 Nbd7 6.Qc2 Bd6 7.g4 h6 8.h3 Qe7 9.Bd2 dxc4
10.Bxc4 b5 11.Be2 Bb7 12.Rg1 a6 13.h4 c5 14.g5 hxg5 15.hxg5 Nd5 16.Nxd5 Bxd5
17.e4 Bb7 18.e5 Bb8 19.dxc5 Qxc5 20.Qxc5 Nxc5 21.g6 fxg6 22.Rc1 Nd7 23.Ng5 Bxe5
24.Nxe6 Rc8 25.Rxc8+ Bxc8 26.b3 Nf8 27.Nxf8 Kxf8 28.Bd3 Bf5 29.Bxf5 gxf5
30.Rg5 Rh1+ 31.Ke2 Bf6 32.Rxf5 Ra1 33.a3 Kg8 34.Bb4 Ra2+ 35.Kf1 Kh7 36.Rh5+ Kg6
37.Rd5 Rb2 38.Rd6 Kf5 39.Rxa6 Bd4 40.Be1 Rxb3 41.Kg2 Bc5 42.a4  1/2-1/2

[Event "FSIM May"]
[Site "Budapest HUN"]
[Date "2002.05.07"]
[Round "4"]
[White "Bui Vinh"]
[Black "Papp,Ge"]
[Result "0-1"]
[WhiteElo "2420"]
[BlackElo "2244"]

1.d4 d5 2.c4 c6 3.Nc3 Nf6 4.e3 e6 5.Nf3 Nbd7 6.Bd3 dxc4 7.Bxc4 b5 8.Bd3 Bb7
9.e4 b4 10.Na4 c5 11.e5 Nd5 12.O-O cxd4 13.Re1 Be7 14.Nxd4 O-O 15.Qh5 g6
16.Qh6 Nxe5 17.Rxe5 Nf6 18.Qf4 Bd6 19.Nc5 Bd5 20.Ndb3 a5 21.Rxd5 Nxd5 22.Qd4 Qe7
23.Na6 Bxh2+ 24.Kh1 Qd6 25.Nbc5 Be5 26.Qe4 Bg7 27.Qe2 Rfc8 28.Ne4 Qb6 29.Bg5 h6
30.Bd2 Bxb2 31.Rb1 Bg7 32.a3 b3 33.Bb5 b2 34.a4 f5 35.Nec5 Rxc5 36.Nxc5 Qxc5
37.Qxe6+ Kh7 38.Qc6 Rc8 39.Qd7 Rc7 40.Qd8 Qc2 41.Rxb2 Qxb2 42.Qxd5 Qa1+ 43.Kh2 Qe5+
44.Qxe5 Bxe5+ 45.Kh3 Bc3 46.Be3 Kg7 47.g3 g5 48.Bb6 Re7 49.g4 fxg4+ 50.Kxg4 Re4+
51.Kg3 h5 52.f3 Be1+ 53.Kg2 Rb4 54.Kf1 Rb1 55.Ke2 Bb4 56.Bd4+ Kh6 57.Kf2 Rc1
58.Bf6 Bc5+ 59.Ke2 Kg6 60.Bd8 Bb4 61.Bd3+ Kh6 62.Bb6 Re1+ 63.Kf2 Re5 64.Bc7 Bc5+
65.Kf1 Re3 66.Be2 Bb4 67.Kf2 Ra3 68.Bb5 Rc3 69.Be5 Bc5+ 70.Kg2 Rc2+ 71.Kh3 Bb6
72.Bd6 Kg7 73.Be5+ Kf7 74.Bd3 Rc1 75.Bb2 Rh1+ 76.Kg2 Rg1+ 77.Kh2 Rd1 78.Bc4+ Kg6
79.Bc3 Kf5 80.Bb3 Rd8 81.Kg2 Kf4 82.Bf7 Rd3 83.Be1 h4 84.Bh5 Rd1 85.Bc3 Rg1+
86.Kh2 Rg3 87.Bd2+ Kf5 88.Bc3 Bc7 89.Kh1 h3 90.Bd4 Rg2 91.Bg1 Kf6 92.Bg4 Ra2
93.Bxh3 Rxa4 94.Kg2 Ra2+ 95.Kf1 Ra1+ 96.Kg2 Rxg1+ 97.Kxg1 a4 98.Bf1 a3 99.Bc4 Ke5
100.Kf2 Kd4  0-1

[Event "Mitropa Cup"]
[Site "Leipzig GER"]
[Date "2002.05.08"]
[Round "6"]
[White "Borgo,G"]
[Black "Pavasovic,D"]
[Result "0-1"]
[WhiteElo "2418"]
[BlackElo "2567"]

1.c4 e6 2.d4 d5 3.Nc3 c6 4.e3 Nf6 5.Nf3 Nbd7 6.Qc2 Bd6 7.a3 O-O 8.Be2 dxc4
9.Bxc4 b5 10.Ba2 Bb7 11.O-O a6 12.e4 e5 13.h3 exd4 14.Nxd4 c5 15.Nf5 Be5
16.f3 c4 17.Be3 Qc7 18.Ne7+ Kh8 19.Rad1 Rfe8 20.Nf5 Nc5 21.Bb1 Nd3 22.Qe2 g6
23.Bxd3 cxd3 24.Rxd3 gxf5 25.f4 fxe4 26.fxe5 exd3 27.Qf2 Re6 28.exf6 Rg8
29.Bf4 Qc6 30.Bg3 Re3  0-1

[Event "ch-UKR"]
[Site "Alushta UKR"]
[Date "2002.05.09"]
[Round "7"]
[White "Kravchenko,L"]
[Black "Savvopulo,A"]
[Result "1/2-1/2"]
[WhiteElo "2045"]
[BlackElo "2204"]

1.d4 d5 2.c4 e6 3.Nc3 c6 4.e3 Nf6 5.Nf3 Nbd7 6.Bd3 Bd6 7.e4 dxe4 8.Nxe4 Nxe4
9.Bxe4 Bb4+ 10.Bd2 Qa5 11.O-O Bxd2 12.Nxd2 O-O 13.Re1 Nf6 14.c5 Qb4 15.Nb3 e5
16.a3 Qa4 17.Bc2 exd4 18.Nxd4 Qa5 19.b4 Qc7 20.Qd3 Bg4 21.Nf5 Bxf5 22.Qxf5 Rad8
23.Rad1 h6 24.g3 Rde8 25.Rxe8 Rxe8 26.Rd6 Qe7 27.Kg2 Kf8 28.a4 a6 29.Bd3 Rd8
30.Rxd8+ Qxd8 31.b5 axb5 32.axb5 cxb5 33.Bxb5 Qd5+ 34.Qxd5 Nxd5 35.Kf3 Nc3
36.Bd7 Ke7 37.Bc8 Na4 38.Bxb7 Nxc5 39.Bd5 f5 40.h4 Kf6 41.Ke3 g5 42.hxg5+ hxg5
43.Kd4 Nd7 44.f3 f4 45.gxf4 gxf4 46.Bc6 Nf8 47.Ke4 Kg5 48.Be8 Nh7 49.Bf7 Nf6+
50.Ke5 Nd7+ 51.Kd6 Nf8 52.Ke5 Nh7 53.Bd5 Nf6 54.Bb7 Ng4+ 55.fxg4  1/2-1/2

[Event "ch-URU"]
[Site "Montevideo URU"]
[Date "2002.05.09"]
[Round "4"]
[White "Sosa Macho,J"]
[Black "Granara Barreto,S"]
[Result "0-1"]
[WhiteElo "2240"]
[BlackElo "2237"]

1.d4 d5 2.c4 c6 3.Nc3 Nf6 4.Nf3 e6 5.e3 Nbd7 6.Qc2 Bd6 7.Be2 O-O 8.O-O Qe7
9.Rd1 dxc4 10.Bxc4 e5 11.b3 e4 12.Nd2 Re8 13.Be2 Nb6 14.Nc4 Nxc4 15.bxc4 Ng4
16.g3 Qf6 17.Bf1 Qh6 18.h3 Nf6 19.Kh2 Bg4 20.Re1 g5 21.Bb2 Bf5 22.c5 Bc7
23.Rad1 Rad8 24.Bg2 Bxh3 25.Bxh3 g4 26.Qe2 Qxh3+ 27.Kg1 Nd5 28.Nxd5 Rxd5
29.Qf1 Qh5 30.Rb1 Re6 31.Ba3 b5 32.cxb6 axb6 33.Qa6 Bd8 34.Kf1 Rf5 35.Ke2 Rxf2+
36.Kd1 Qh2 37.Rxb6 Rxa2 38.Re2 Qh1+  0-1

[Event "TCh-NOR Finals"]
[Site "Oslo NOR"]
[Date "2002.05.09"]
[Round "2"]
[White "Johannessen,LE"]
[Black "Moen,S"]
[Result "1-0"]
[WhiteElo "2452"]
[BlackElo "2177"]

1.d4 Nf6 2.c4 e6 3.Nf3 d5 4.Nc3 c6 5.e3 Nbd7 6.Bd3 Bd6 7.O-O O-O 8.e4 dxc4
9.Bxc4 e5 10.h3 Qe7 11.Re1 Rd8 12.Ng5 Rf8 13.f4 exd4 14.e5 Bc5 15.Na4 Bb4
16.Bd2 Bxd2 17.Qxd2 Nd5 18.e6 fxe6 19.Rxe6 Qd8 20.Qd3  1-0

[Event "TCh-NOR Finals"]
[Site "Oslo NOR"]
[Date "2002.05.09"]
[Round "2"]
[White "Jansson,J"]
[Black "David,Ed"]
[Result "1-0"]
[WhiteElo "2265"]
[BlackElo "2150"]

1.Nf3 d5 2.d4 Nf6 3.c4 e6 4.Nc3 c6 5.e3 Nbd7 6.Bd3 Bd6 7.O-O dxc4 8.Bxc4 O-O
9.e4 e5 10.Bg5 b5 11.Bb3 b4 12.Ne2 Ba6 13.Re1 h6 14.Bh4 c5 15.dxe5 Nxe5 16.Ng3 c4
17.Bc2 Nxf3+ 18.Qxf3 Be5 19.Nf5 Re8 20.Rad1 Qb6 21.Bg3 Qc5 22.Rd6 Bc8 23.Rxf6  1-0

[Event "52nd ch-RUS w"]
[Site "Elista RUS"]
[Date "2002.05.10"]
[Round "1"]
[White "Kursova,M"]
[Black "Sudakova,I"]
[Result "1/2-1/2"]
[WhiteElo "2255"]
[BlackElo "2369"]

1.d4 d5 2.Nf3 c6 3.c4 e6 4.e3 Nf6 5.Nc3 Nbd7 6.Qc2 Bd6 7.Bd3 O-O 8.O-O dxc4
9.Bxc4 a6 10.Rd1 Qc7 11.e4 e5 12.h3 b5 13.Be2 Re8 14.dxe5 Nxe5 15.Nd4 Ng6
16.Bg5 b4 17.Bxf6 bxc3 18.Bg5 c5 19.Nb3 cxb2 20.Rab1 Bb7 21.f3 Rac8 22.Bc4 Be5
23.Bd2 Bd4+ 24.Kh1 Ne5 25.Bf1 Nc6 26.Nxd4 Nxd4 27.Qxb2 Bc6 28.Qa3 Bb5 29.Ba5 Qg3
30.Be1 Qg5 31.Bf2 Ne6 32.Rd5 Qg6 33.Be3 Bxf1 34.Rxf1 Qg3 35.Qxa6 Nc7 36.Qd6 Qxd6
37.Rxd6 Nb5 38.Rd5 Nc3 39.Rxc5 Nxa2 40.Ra1 Nb4 41.Rxc8 Rxc8 42.Ra7 h5 43.f4 Re8
44.Ra4 Nc2 45.Bf2 Rd8 46.e5 Rd2 47.Bb6 Ne1 48.Ba5 Re2 49.Bxe1 Rxe1+ 50.Kh2 g6
51.Kg3 Re2 52.Kf3 Rb2 53.Re4 Rb3+ 54.Re3 Rb1 55.g4 hxg4+ 56.hxg4 Rf1+ 57.Kg3 Kg7
58.Re2 Rh1 59.Rh2 Re1 60.Kf2 Ra1 61.Kg3 Re1 62.Rd2 Rf1 63.Re2 Rh1 64.Re4 Kg8
65.f5 gxf5 66.gxf5 Kg7 67.Rg4+ Kf8 68.Kf4 Ke7 69.Rg3 Rh4+ 70.Ke3 Ra4 71.Rf3 Ra5
72.Kf4 Ra4+ 73.Ke3 Ra5 74.Kd4 Ra4+ 75.Kc5 Ra5+ 76.Kd4  1/2-1/2

[Event "Capablanca Mem Elite"]
[Site "Havana CUB"]
[Date "2002.05.10"]
[Round "4"]
[White "Arencibia,W"]
[Black "Dominguez,L"]
[Result "1-0"]
[WhiteElo "2542"]
[BlackElo "2601"]

1.d4 d5 2.c4 c6 3.Nc3 Nf6 4.e3 e6 5.Nf3 Nbd7 6.Bd3 dxc4 7.Bxc4 b5 8.Bd3 Bb7
9.O-O a6 10.e4 c5 11.d5 Qc7 12.Qe2 c4 13.Bc2 Bd6 14.dxe6 fxe6 15.Ng5 Qc6
16.f4 Bc5+ 17.Kh1 h6 18.e5 hxg5 19.Bg6+ Ke7 20.exf6+ gxf6 21.Be4 Qc7 22.Bxb7 Qxb7
23.fxg5 Rag8 24.Ne4 f5 25.Rxf5 Qc6 26.Rf1 Bd4 27.Bf4 e5 28.Bg3 Rf8 29.Rfe1 Rf5
30.Rad1 Kd8 31.Rxd4 exd4 32.Nd6 Rff8 33.Qe7+ Kc7 34.Nxc4+ Kc8 35.Nd6+ Kb8
36.Nf7+ Kb7 37.Nxh8 Rxh8 38.Qg7  1-0

[Event "Capablanca Mem Premier I"]
[Site "Havana CUB"]
[Date "2002.05.10"]
[Round "5"]
[White "Borges Mateos,J"]
[Black "Garcia Martinez,S"]
[Result "1/2-1/2"]
[WhiteElo "2438"]
[BlackElo "2395"]

1.d4 d5 2.c4 c6 3.Nf3 Nf6 4.Nc3 e6 5.e3 Nbd7 6.Qc2 Bd6 7.Be2 O-O 8.O-O dxc4
9.Bxc4 a6 10.Rd1 Qc7 11.Ne4 Nxe4 12.Qxe4 e5 13.dxe5 Nxe5 14.Ng5 g6 15.Qh4 h5
16.Bb3 Qe7 17.Bd2  1/2-1/2

[Event "ch-UKR"]
[Site "Alushta UKR"]
[Date "2002.05.11"]
[Round "9"]
[White "Truskavetsky,A"]
[Black "Kalenik,R"]
[Result "0-1"]
[WhiteElo "2338"]
[BlackElo "2229"]

1.d4 d5 2.c4 c6 3.Nf3 Nf6 4.Nc3 e6 5.e3 Nbd7 6.Qc2 Bd6 7.Bd3 O-O 8.O-O b6
9.e4 dxe4 10.Nxe4 Be7 11.c5 Qc7 12.b4 Nd5 13.Neg5 g6 14.Qd2 Bf6 15.h4 Bg7
16.h5 Re8 17.Nxh7 Kxh7 18.hxg6+ fxg6 19.Ng5+ Kg8 20.Bxg6 Re7 21.Qd3 N7f6
22.Rb1 Nf4 23.Bh7+ Kh8 24.Qf3 e5 25.dxe5 Nxh7 26.Bxf4 Nxg5 27.Bxg5 Rf7 28.Qh5+ Kg8
29.f4 bxc5 30.bxc5 Qa5 31.Rbc1 Qxa2 32.Rf2 Qd5 33.Qe2 Be6 34.Rd1 Qxc5 35.Rd6 Re8
36.Qh5 a5 37.Rd3 a4 38.Bh6 Bxh6 39.Qxh6 Rg7 40.Rd6 Qc1+ 41.Rf1 Qe3+ 42.Rf2 Bf5
43.Qh5 Rf8 44.Rh6 Bh7 45.Rxc6 Be4  0-1

[Event "Capablanca Mem Elite"]
[Site "Havana CUB"]
[Date "2002.05.12"]
[Round "6"]
[White "Arencibia,W"]
[Black "Bruzon,L"]
[Result "1/2-1/2"]
[WhiteElo "2542"]
[BlackElo "2569"]

1.d4 d5 2.c4 c6 3.Nc3 Nf6 4.e3 e6 5.Nf3 Nbd7 6.Bd3 Bd6 7.e4 dxe4 8.Nxe4 Nxe4
9.Bxe4 e5 10.O-O exd4 11.Qxd4 Qf6 12.Bg5 Qxd4 13.Nxd4 Nc5 14.Bf5 O-O 15.Rad1 Re8
16.Be3 Bf8 17.h3 Na4 18.Bxc8 Raxc8 19.Rd2 Rcd8 20.b3 Nc3 21.Rc2 Ne4 22.Nf3 Bc5
23.Bxc5 Nxc5 24.Rb1 a5 25.Kf1 Kf8 26.Re1 Rxe1+ 27.Nxe1 Ne6 28.g3 Rd1 29.Ke2 Rb1
30.Nf3 Ke7 31.Rd2 a4 32.bxa4 Rb4 33.Ne5 f6 34.Nd3 Rxc4 35.Rb2 Nd8 36.a5 Kd6
37.Nb4 Ne6 38.Kd3 Rd4+ 39.Kc3 Rd1 40.Nd3 Kc7 41.Re2 Kd6 42.Rb2 Kc7 43.Re2 Kd7
44.Rb2  1/2-1/2

[Event "59th ch-POL"]
[Site "Warsaw POL"]
[Date "2002.05.12"]
[Round "13"]
[White "Lagowski,P"]
[Black "Grabarczyk,M"]
[Result "0-1"]
[WhiteElo "2321"]
[BlackElo "2484"]

1.d4 d5 2.c4 c6 3.Nc3 Nf6 4.e3 e6 5.Nf3 Nbd7 6.Bd3 dxc4 7.Bxc4 b5 8.Bd3 b4
9.Ne4 Bb7 10.Nxf6+ Nxf6 11.O-O Be7 12.e4 O-O 13.e5 Nd7 14.Be4 Ba6 15.Re1 Rc8
16.Qc2 h6 17.Be3 Bb5 18.Qd2 Re8 19.a4 bxa3 20.b4 a5 21.bxa5 Ra8 22.Bxh6 gxh6
23.Qxh6 Nf8 24.Re3 f5 25.Ne1 Bh4 26.Raxa3 Bxf2+ 27.Kh1 Qh4 28.Rg3+ Bxg3 29.Rxg3+ Qxg3
30.hxg3 Re7 31.Bxf5 exf5 32.Qg5+ Rg7 33.Qxf5 Bc4 34.Nf3 Rxa5 35.Kh2 Ra2 36.Nh4 Bd5
37.Qf6 Re2 38.Nf5 Rxg2+ 39.Kh3 Rh7+ 40.Nh6+ Rxh6+ 41.Qxh6 Rf2 42.Qg5+ Kf7
43.Qh5+ Ke7 44.g4 Rf1 45.Qg5+ Kf7 46.Qd8 Ne6 47.Qd7+ Kg6 48.Qd6 Rd1 49.Qe7 Rf1
50.Qd6 Rf7 51.Kh4 Rh7+ 52.Kg3 Rb7 53.Kh4 Rf7 54.Qb4 Rf1 55.Qd6 Rh1+ 56.Kg3 Rd1
57.Qe7 Rf1 58.Qd6 Rf4 59.Qe7 Rf7 60.Qb4 Rf3+ 61.Kh4 Ng5 62.Qb1+ Be4  0-1

[Event "Open"]
[Site "Pula CRO"]
[Date "2002.05.13"]
[Round "3"]
[White "Bistric,F"]
[Black "Kutuzovic,B"]
[Result "1-0"]
[WhiteElo "2494"]
[BlackElo "2406"]

1.Nf3 d5 2.c4 c6 3.e3 Nf6 4.Nc3 e6 5.d4 Nbd7 6.Qc2 Bd6 7.Be2 O-O 8.O-O dxc4
9.Bxc4 Qe7 10.a3 e5 11.h3 e4 12.Ng5 Nb6 13.Ba2 Bf5 14.f3 Rae8 15.fxe4 Bg6
16.Qf2 Nh5 17.Qh4 Bg3 18.Qg4 Bb8 19.e5 Kh8 20.Bd2 f6 21.Nxh7 Kxh7 22.Rf5 Bf7
23.Rxh5+ Kg8 24.Bxf7+ Qxf7 25.Rf1 Qe6 26.Qg6  1-0

[Event "9th RUS-chT"]
[Site "Ekaterinburg RUS"]
[Date "2002.05.17"]
[Round "1"]
[White "Iljushin,A"]
[Black "Burmakin,V"]
[Result "1/2-1/2"]
[WhiteElo "2517"]
[BlackElo "2582"]

1.d4 d5 2.c4 c6 3.Nf3 Nf6 4.Nc3 e6 5.e3 Nbd7 6.Qc2 Bd6 7.Bd3 O-O 8.O-O Qe7
9.h3 Re8 10.Bd2 h6 11.Rae1 dxc4 12.Bxc4 e5 13.e4 exd4 14.Nxd4 Nb6 15.Bb3 Qe5
16.Nf3 Qh5 17.Nh2 Qg6 18.Kh1 Nh5 19.Qd3 Rd8 20.Bc1 Be6 21.Bxe6 fxe6 22.Nf3 Nf4
23.Bxf4 Bxf4  1/2-1/2

[Event "9th RUS-chT"]
[Site "Ekaterinburg RUS"]
[Date "2002.05.17"]
[Round "1"]
[White "Shariyazdanov,A"]
[Black "Pridorozhni,A"]
[Result "0-1"]
[WhiteElo "2542"]
[BlackElo "2426"]

1.d4 d5 2.c4 c6 3.Nc3 Nf6 4.e3 e6 5.Nf3 Nbd7 6.Qc2 Bd6 7.Bd3 O-O 8.O-O dxc4
9.Bxc4 Qe7 10.Bd2 e5 11.Bb3 Bc7 12.h3 h6 13.Nh4 Re8 14.Nf5 Qf8 15.Rad1 Nb6
16.Nxh6+ gxh6 17.Qg6+ Qg7 18.Bxf7+ Kf8 19.Bxe8 Nxe8 20.Qxg7+ Kxg7 21.dxe5 Bxe5
22.f4 Bf6 23.b3 Nd5 24.Rc1 Bf5 25.g4 Bd3 26.Nxd5 cxd5 27.Rfd1 Be4 28.Bc3 Rd8
29.Kf2 Rd7 30.Bxf6+ Kxf6 31.Rd4 h5 32.Ra4 hxg4 33.hxg4 Rg7 34.Rxa7 Nd6 35.Ra8 Rxg4
36.Rg1 Rh4 37.Rf8+ Ke7 38.Rb8 Rh2+ 39.Ke1 Rxa2 40.Rg7+ Kf6 41.Rd7 Nf5 42.Rf8+ Ke6
43.Rxb7 Nxe3 44.Rb6+ Ke7 45.Rc8 Bf3  0-1

[Event "Capablanca Mem Elite"]
[Site "Havana CUB"]
[Date "2002.05.17"]
[Round "9"]
[White "Arencibia,W"]
[Black "Morovic Fernandez,I"]
[Result "1/2-1/2"]
[WhiteElo "2542"]
[BlackElo "2556"]

1.d4 d5 2.c4 c6 3.Nc3 Nf6 4.Nf3 e6 5.e3 Nbd7 6.Bd3 dxc4 7.Bxc4 b5 8.Bd3 Bb7
9.O-O a6 10.e4 c5 11.d5 Qc7 12.Qe2 c4 13.Bc2 e5 14.a3 Bd6 15.Be3 O-O 16.Nd2 Rfc8
17.Rfc1 Nc5 18.Nf1 Rab8 19.Ng3 Re8 20.Nf5  1/2-1/2

[Event "52nd ch-RUS w"]
[Site "Elista RUS"]
[Date "2002.05.18"]
[Round "9"]
[White "Kursova,M"]
[Black "Khusnutdinova,L"]
[Result "1/2-1/2"]
[WhiteElo "2255"]
[BlackElo "2250"]

1.d4 d5 2.Nf3 Nf6 3.c4 e6 4.Nc3 c6 5.e3 Nbd7 6.Qc2 Bd6 7.Bd3 O-O 8.O-O dxc4
9.Bxc4 e5 10.h3 Qc7 11.e4 exd4 12.Nxd4 Re8 13.a3 Nc5 14.Re1 Be5 15.Nf3 Bxc3
16.bxc3 Rxe4 17.Rxe4 Ncxe4 18.Be3 Bf5 19.Bd3 Re8 20.Re1 Bg6 21.Bd4 c5 22.Bxf6 Nxf6
23.Rxe8+ Nxe8 24.Bxg6 hxg6 25.Qa4 Kf8 26.Qxa7  1/2-1/2

[Event "52nd ch-RUS w"]
[Site "Elista RUS"]
[Date "2002.05.18"]
[Round "9"]
[White "Guseva,O"]
[Black "Dordzhieva,N"]
[Result "1-0"]
[WhiteElo "2226"]
[BlackElo "2123"]

1.d4 d5 2.Nf3 c6 3.c4 Nf6 4.Nc3 e6 5.e3 Nbd7 6.Qc2 Be7 7.b3 O-O 8.Be2 a6
9.O-O b5 10.Bb2 Rb8 11.Rfd1 Qb6 12.Rab1 Qc7 13.Rbc1 Qb6 14.Ba1 Ba3 15.Rb1 Be7
16.e4 dxe4 17.Nxe4 Nxe4 18.Qxe4 Nf6 19.Qc2 Rd8 20.Ne5 Bb7 21.Bf3 c5 22.Bxb7 Qxb7
23.cxb5 Qxb5 24.a4 Qb6 25.Nc4 Qa7 26.dxc5 Qxc5 27.Be5 Rbc8 28.Qe2 h6 29.Qb2 Qb4
30.Bc3 Qc5 31.Bd4 Qb4 32.Rd2 Rb8 33.Rbd1 Rdc8 34.Rb1 Rd8 35.Ne5 Rdc8 36.Rd3 Bc5
37.h3 Bxd4 38.Rxd4 Qb7 39.b4 Nd5 40.Rg4 Nf6 41.Rg3 Ne4 42.Rf3 f6 43.Nd3 Qd7
44.Nf4 Qxa4 45.Nxe6 Qc6 46.Nd4 Qb6 47.Nf5 Rc7 48.Rd3 Rbc8 49.Ne3 Qe6 50.Rbd1 Kh7
51.Qd4 Nc3 52.Re1 Nb5 53.Qd5 Qxd5 54.Rxd5 Rc1 55.Kf1 R1c7 56.Ra1 Rc1+ 57.Rd1 Rxd1+
58.Rxd1 Kg6 59.Rd7 Rc1+ 60.Ke2 Rb1 61.Nd5 Rb2+ 62.Ke3 Rb3+ 63.Kf4 Rb2 64.Kg3 Rb3+
65.f3 f5 66.Kf4 Rb2 67.g4 fxg4 68.hxg4 Rb3 69.Ke4 Nc3+ 70.Nxc3 Rxc3 71.Rd6+ Kf7
72.Rb6 Ra3 73.f4 Ra1 74.Kf5 Rb1 75.Rb7+ Kf8 76.Kg6 Rg1 77.g5 hxg5 78.fxg5 Rg4
79.Rb6 Ke8 80.Rxa6 Rxb4 81.Ra8+ Ke7 82.Kxg7 Rg4 83.g6 Rg1 84.Ra2 Ke6 85.Rf2 Ke7
86.Re2+ Kd6 87.Kf7 Rf1+ 88.Kg8 Rg1 89.g7 Rg3 90.Re4 Kd7 91.Kf7 Rf3+ 92.Kg6 Rg3+
93.Kf6 Rf3+ 94.Kg5  1-0

[Event "9th RUS-chT"]
[Site "Ekaterinburg RUS"]
[Date "2002.05.19"]
[Round "3"]
[White "Makarov,M"]
[Black "Sakaev,K"]
[Result "0-1"]
[WhiteElo "2523"]
[BlackElo "2649"]

1.d4 Nf6 2.c4 e6 3.Nf3 d5 4.Nc3 c6 5.e3 Nbd7 6.Qc2 Bd6 7.g4 Bb4 8.Bd3 dxc4
9.Bxc4 b5 10.Be2 Bb7 11.g5 Nd5 12.Bd2 Bxc3 13.bxc3 N5b6 14.Rg1 Rc8 15.Rg3 a6
16.Qe4 Qc7 17.Qh4 Nf8 18.Bd3 c5 19.Ne5 Nbd7 20.Nxd7 Qxd7 21.Qg4 Ng6 22.f4 Ne7
23.h4 Nf5 24.Rh3 Nd6 25.h5 Be4 26.Bxe4 Nxe4 27.Qg2 Qd5 28.g6 fxg6 29.hxg6 h6
30.Qh1 O-O 31.Rxh6 gxh6 32.Qxh6 Rc7 33.O-O-O Nf2 34.Rg1 Rg7 35.Be1 Nd3+ 36.Kd2 Nxe1
37.Kxe1 Qe4 38.Kf2 cxd4 39.cxd4  0-1

[Event "IHEM"]
[Site "Hamburg GER"]
[Date "2002.05.19"]
[Round "2"]
[White "Pajeken,W"]
[Black "Hector,J"]
[Result "0-1"]
[WhiteElo "2350"]
[BlackElo "2513"]

1.d4 d5 2.c4 e6 3.Nf3 c6 4.Nc3 Nf6 5.e3 Nbd7 6.Qc2 b6 7.b3 Bb7 8.Be2 Rc8
9.O-O Bd6 10.Bb2 O-O 11.e4 Bb8 12.e5 Nh5 13.cxd5 exd5 14.Qd2 g6 15.Ng5 Ng7
16.Bg4 f5 17.exf6 Qxf6 18.f4 Rcd8 19.g3 Qd6 20.Rfe1 Nf6 21.Be6+ Kh8 22.Re3 Rde8
23.Rae1 Re7 24.Qe2 h6 25.Qc2 hxg5 26.Qxg6 Nh7 27.fxg5 Bc8 28.Qh6 Rxe6 29.Rxe6 Bxe6
30.Ne4 Qe7 31.g6 Nf5 32.Qh5 Bg8 33.g4 Qh4 34.gxh7 Qxe1+ 35.Kg2  0-1

[Event "IHEM"]
[Site "Hamburg GER"]
[Date "2002.05.19"]
[Round "2"]
[White "Lindinger,M"]
[Black "Lahlum,H"]
[Result "1-0"]
[WhiteElo "2299"]
[BlackElo "2218"]

1.d4 d5 2.c4 e6 3.Nc3 c6 4.e3 Nf6 5.Nf3 Nbd7 6.Qc2 Bd6 7.g4 Bb4 8.Bd2 Qe7
9.Rg1 Bxc3 10.Bxc3 Ne4 11.Bd3 Nxc3 12.Qxc3 O-O 13.O-O-O dxc4 14.Qxc4 e5 15.Qc2 g6
16.Kb1 Re8 17.Nxe5 Nxe5 18.dxe5 Qxe5 19.f4 Qc7 20.f5 Kg7 21.h4 Rxe3 22.h5 g5
23.h6+ Kh8 24.Rge1 Rxe1 25.Rxe1  1-0

[Event "Tanta Open"]
[Site "Tanta City EGY"]
[Date "2002.05.19"]
[Round "6"]
[White "Ezat,M"]
[Black "Rahman,Ye"]
[Result "1/2-1/2"]
[WhiteElo "2324"]
[BlackElo "2345"]

1.d4 d5 2.c4 c6 3.Nc3 Nf6 4.e3 e6 5.Nf3 Nbd7 6.Bd3 dxc4 7.Bxc4 b5 8.Bd3 Bb7
9.O-O a6 10.e4 c5 11.d5 c4 12.Bc2 Qc7 13.dxe6 fxe6 14.e5 Nxe5 15.Nxe5 Qxe5
16.Re1 Qd6 17.Qxd6 Bxd6 18.Rxe6+  1/2-1/2

[Event "Spring"]
[Site "Tel Aviv ISR"]
[Date "2002.05.21"]
[Round "2"]
[White "Deutsch,E"]
[Black "Kaganskiy,G"]
[Result "1/2-1/2"]
[WhiteElo "2224"]
[BlackElo "2329"]

1.d4 d5 2.c4 e6 3.Nc3 c6 4.e3 Nf6 5.Nf3 Nbd7 6.Qc2 Bd6 7.Bd2 O-O 8.O-O-O a6
9.e4 dxe4 10.Nxe4 Nxe4 11.Qxe4 c5 12.Bc3 Qc7 13.Bd3 Nf6 14.Qe2 cxd4 15.Bxd4 Nd5
16.Bxh7+ Kxh7 17.Qc2+ Kg8 18.cxd5 Qxc2+ 19.Kxc2 exd5 20.Be5 Bf5+ 21.Kd2 Bc5
22.Bd4 Bb4+ 23.Bc3 Bc5 24.Bd4 Be7 25.Rc1 Rfe8 26.a3 Be4 27.Rhg1 Bd6 28.Bc5 Bf4+
29.Be3 Bxf3 30.Bxf4 Re2+ 31.Kc3 Rxf2 32.Be3 Re2 33.Kd3 Re8 34.Bd4 Bxg2 35.Rc7 g6
36.Rxb7 Bh3 37.Ra7 Bf5+ 38.Kc3 Rc8+ 39.Kb3 Bd3 40.Ka2 Re4 41.Bf6 Bc4+ 42.Kb1 d4
43.Rd7 d3 44.Rc1 Rce8 45.b3 Bb5 46.Rd6 R4e6 47.Rxe6 Rxe6 48.Rc8+ Re8 49.Rxe8+ Bxe8
50.Kb2 Bc6 51.Kc3 Be4 52.b4 Kh7 53.Bg5 Kg7 54.Kd4 Bf5 55.a4 f6 56.Bd2 Bd7
57.Kxd3 Bxa4 58.Ke3 g5 59.Bc3 Kg6 60.Kf2 f5 61.Be5 f4 62.Bc7 Kf5 63.Bd8 g4
64.Bc7 Ke4 65.Bb8 f3 66.Bd6 Kd4 67.Bc5+ Kc4 68.Bd6 Bd7 69.Bf8  1/2-1/2

[Event "Guillermo Garcia TORRE"]
[Site "Santa Clara CUB"]
[Date "2002.05.23"]
[Round "5"]
[White "Arencibia,W"]
[Black "Abreu,A"]
[Result "1/2-1/2"]
[WhiteElo "2542"]
[BlackElo "2480"]

1.d4 d5 2.c4 c6 3.Nc3 Nf6 4.e3 e6 5.Nf3 Nbd7 6.Bd3 dxc4 7.Bxc4 b5 8.Bd3 Bb7
9.O-O b4 10.Ne4 Nxe4 11.Bxe4 Bd6 12.a3 bxa3 13.Nd2 O-O 14.b3 Qb8 15.h3 Bb4
16.Bxa3 Bxa3 17.Rxa3 f5 18.Bf3 c5 19.Qe2 cxd4 20.exd4 Re8 21.Bxb7 Qxb7 22.Nc4 Qd5
23.Ra5 Qc6 24.Rfa1 a6 25.Qa2 Reb8 26.Rxa6 Rxa6 27.Qxa6 Qd5 28.Ra5 Qe4 29.Qd6 Rxb3
30.Kh2 Rd3 31.f3 Rxf3 32.gxf3 Qe2+ 33.Kg3  1/2-1/2

[Event "V It"]
[Site "Santo Antonio POR"]
[Date "2002.05.23"]
[Round "4"]
[White "Dias,P"]
[Black "Korneev,O"]
[Result "0-1"]
[WhiteElo "2357"]
[BlackElo "2599"]

1.d4 d5 2.c4 e6 3.Nc3 c6 4.e3 Nf6 5.Nf3 Nbd7 6.Bd3 dxc4 7.Bxc4 b5 8.Bd3 Bb7
9.e4 b4 10.Na4 c5 11.e5 Nd5 12.dxc5 a6 13.O-O Nxc5 14.Nxc5 Bxc5 15.Ng5 Be7
16.Qg4 g6 17.h4 Rc8 18.h5 Rxc1 19.Nxf7 Rxf1+ 20.Rxf1 Kxf7 21.hxg6+ hxg6 22.Bxg6+ Kg7
23.Bc2+ Bg5 24.f4 Ne3  0-1

[Event "Open A"]
[Site "Ostrava CZE"]
[Date "2002.05.24"]
[Round "8"]
[White "Michenka,J"]
[Black "Kharitonov,Alexa"]
[Result "1/2-1/2"]
[WhiteElo "2325"]
[BlackElo "2438"]

1.d4 d5 2.c4 e6 3.Nc3 c6 4.e3 Nf6 5.Nf3 Nbd7 6.Bd3 dxc4 7.Bxc4 b5 8.Bd3 Bd6
9.O-O O-O 10.Ne4 Nxe4 11.Bxe4 Bb7 12.Bd2 Qe7 13.Rc1 Rac8 14.Ne5 Nxe5 15.dxe5 Bxe5
16.Bxh7+ Kxh7 17.Qh5+ Kg8 18.Qxe5 c5 19.Ba5 f6 20.Qh5 e5 21.Rfd1 Qe6 22.a3 Be4
23.f3 Bd5 24.Qh4 Rf7 25.Rd2 Bb3 26.Qe4 Rd7 27.Rxd7 Qxd7 28.h4 Bc4 29.h5 Bd3
30.Rd1 c4 31.Kf2 Re8 32.Qh4 Qe6 33.Rh1 Kh7 34.Qh3 Qxh3 35.Rxh3 Re6 36.e4 Ra6
37.Bd2 Ra4 38.Rh1 a5 39.Ra1 b4 40.Ke3 Bc2 41.Bc1 c3 42.g4 Bd1 43.Kf2 Kg8
44.bxc3 bxc3 45.Rb1 Rd4 46.Rb8+ Kf7 47.Rb7+ Kf8 48.h6 gxh6 49.Bxh6+ Kg8 50.Rg7+ Kh8
51.Rc7 Rd3 52.Bg7+ Kg8 53.Bxf6 Rxf3+ 54.Ke1 c2 55.Bxe5 Re3+ 56.Kd2 Rxe4 57.Bc3 Re2+
58.Kc1 Rg2 59.Bxa5 Rxg4 60.Bb4  1/2-1/2

[Event "4th Borowski GM"]
[Site "Essen GER"]
[Date "2002.05.25"]
[Round "9"]
[White "Jussupow,A"]
[Black "Zvjaginsev,V"]
[Result "1/2-1/2"]
[WhiteElo "2618"]
[BlackElo "2645"]

1.d4 d5 2.c4 e6 3.Nc3 c6 4.e3 Nf6 5.Nf3 Nbd7 6.Bd3 dxc4 7.Bxc4 b5 8.Bd3 Bd6
9.O-O O-O 10.Bd2 Bb7 11.Rc1 Rc8 12.Ne2 b4 13.e4 Be7 14.e5 Nd5 15.Ng3 c5 16.Qe2 N5b6
17.Be4 Bd5 18.Bxd5 Nxd5 19.Ne4 cxd4 20.Qd3 h6 21.Rxc8 Qxc8 22.Rc1 Qb8 23.Qxd4 Qb6
24.Qc4 Qb8 25.Qd4 Qb6 26.Qc4 Qb8  1/2-1/2

[Event "IHEM"]
[Site "Hamburg GER"]
[Date "2002.05.25"]
[Round "8"]
[White "Farago,I"]
[Black "Hector,J"]
[Result "1/2-1/2"]
[WhiteElo "2506"]
[BlackElo "2513"]

1.d4 d5 2.c4 e6 3.Nf3 Nf6 4.Nc3 c6 5.e3 Nbd7 6.Qc2 b6 7.b3 Bb7 8.Bb2 Rc8
9.Rd1 Be7 10.Bd3 O-O 11.O-O Bd6 12.Qe2  1/2-1/2

[Event "3rd EIWCh"]
[Site "Varna BUL"]
[Date "2002.05.27"]
[Round "1"]
[White "Kachiani,K"]
[Black "Hernandez,Yu"]
[Result "1-0"]
[WhiteElo "2465"]
[BlackElo "2247"]

1.d4 d5 2.c4 c6 3.Nf3 Nf6 4.e3 e6 5.Nc3 Nbd7 6.Qc2 Bd6 7.b3 O-O 8.Bb2 Qe7
9.Rd1 Ba3 10.Ba1 Bb4 11.Bd3 dxc4 12.Bxc4 e5 13.O-O e4 14.Ne5 Bd6 15.Nxe4 Bxe5
16.dxe5 Nxe5 17.Nxf6+ gxf6 18.Rd4 Be6 19.Bd3 Kg7 20.Rf4 Rad8 21.Bxh7 Rh8
22.Bf5 Rh5 23.Bxe6 Qxe6 24.h4 Rdh8 25.Qe4 R8h6 26.Rd1 Rg6 27.Kf1 b6 28.Bb2 Qc8
29.Qa4 Ng4 30.Bc3 Rxh4 31.Rd6 a5 32.Qxc6 Qa6+ 33.Rc4 Rh5 34.Qxb6 Qxb6 35.Rxb6 Rf5
36.Rf4 Rc5 37.Rc4 Rf5 38.Rf4 Rc5 39.Bd2 Rc2 40.Ke2 Rxa2 41.Ra4 Rb2 42.b4 axb4
43.Rbxb4 Rxb4 44.Rxb4 Ne5 45.g3 Rg4 46.f4 Rxg3 47.fxe5 fxe5 48.Bc3 f6 49.Kf2 Rh3
50.Ke2 Kg6 51.Rb1 Kf5 52.Kd3 Rh4 53.Ra1 Rg4 54.Bd2 Kg6 55.Ra6 Rh4 56.Be1 Rg4
57.Bc3 Kg5 58.Ra8 Rh4 59.Be1 Rh1 60.Bd2 Rh4 61.Be1 Rh1 62.Rg8+ Kf5 63.Bb4 Rd1+
64.Bd2 Rh1 65.Re8 Rh4 66.Rb8 Rg4 67.Rb4 Rg2 68.Rb6 Rg4 69.Bb4 Rh4 70.Be7 Rh6
71.Rd6 Rg6 72.e4+ Kg5 73.Re6 Rh6 74.Rxe5+ Kg6 75.Rf5 Kf7 76.Bd8 Ke6 77.Kd4 Rg6
78.Rxf6+  1-0

[Event "Spring"]
[Site "Tel Aviv ISR"]
[Date "2002.05.28"]
[Round "10"]
[White "Lerner,K"]
[Black "Bykhovsky,Av"]
[Result "1/2-1/2"]
[WhiteElo "2559"]
[BlackElo "2452"]

1.d4 d5 2.c4 c6 3.Nf3 Nf6 4.Nc3 e6 5.e3 Nbd7 6.Bd3 dxc4 7.Bxc4 b5 8.Bd3 a6
9.a4 b4 10.Ne4 Bb7 11.O-O c5 12.Ned2 Be7 13.a5 O-O 14.Qe2 Qc7 15.Re1 Rfd8
16.Nc4 Ne4 17.Nfe5 Ra7 18.Nxd7 Rxd7 19.Ne5  1/2-1/2